| 000 | 00695nam a2200217Ia 4500 | ||
|---|---|---|---|
| 001 | 17993 | ||
| 003 | GE_BSU | ||
| 008 | 181216s||||||||xx |||||||||||||| ||und|| | ||
| 040 | _cGE_BSU | ||
| 080 | _a821.353.1-1 | ||
| 100 | _aნარსია, ნ. | ||
| 245 | _aმზეს გამოჰყევით. ლექსები | ||
| 245 | _cრედ. ხ. ბერულავა. მხატვ. გ.ქუთათელაძე | ||
| 260 | _aთბილისი | ||
| 260 | _bსაბჭ. მწერალი | ||
| 260 | _c1961 | ||
| 300 | _a44გვ. ; 16სმ | ||
| 653 | _aლექსები | ||
| 653 | _aმზეს გამოჰყევით | ||
| 942 | _cBK | ||
| 999 |
_c51036 _d51036 |
||